League of legends - joueurs champions du monde - Statistiques

Statistiques générales
  • Ce quiz a été pris 2 fois
  • Le résultat moyen est 31 sur 62
Statistiques - réponses
Réponse % Correct
Bang
100%
Faker
100%
Gumayusi
100%
Keria
100%
MaRin
100%
Oner
100%
PawN
100%
Shushei
100%
Tian
100%
xPeke
100%
Zeus
100%
Ambition
50%
Baolan
50%
bengi
50%
BeryL
50%
Blank
50%
Canyon
50%
CoreJJ
50%
Crisp
50%
Crown
50%
CuVee
50%
Cyanide
50%
Deft
50%
Doinb
50%
Doran
50%
Duke
50%
Easyhoon
50%
Flandre
50%
Ghost
50%
GimGoon
50%
imp
50%
Impact
50%
JackeyLove
50%
Jiejie
50%
Kingen
50%
Lwx
50%
Mata
50%
Meiko
50%
Ning
50%
Nuguri
50%
Piglet
50%
PoohManDu
50%
Pyosik
50%
Rookie
50%
Ruler
50%
Scout
50%
ShowMaker
50%
TheShy
50%
Viper
50%
Wolf
50%
Zeka
50%
bebe
0%
Dandy
0%
Haru
0%
Juhan
0%
LaMiaZeaLot
0%
Lilballz
0%
Looper
0%
Mellisan
0%
MiSTakE
0%
Stanley
0%
Toyz
0%
Aucun quiz correspondant
Distribution des résultats
% des personnes avec chaque résultat
Percentile par nombre de réponses
Votre historique - résultats
Vous n’avez pas pris ce quiz